<?xml version="1.0" encoding="UTF-8"?>
<record
    xmlns:xsi="http://www.w3.org/2001/XMLSchema-instance"
    xsi:schemaLocation="http://www.loc.gov/MARC21/slim http://www.loc.gov/standards/marcxml/schema/MARC21slim.xsd"
    xmlns="http://www.loc.gov/MARC21/slim">

  <leader>00259nam a22001217a 4500</leader>
  <datafield tag="040" ind1=" " ind2=" ">
    <subfield code="c">SK</subfield>
  </datafield>
  <datafield tag="082" ind1=" " ind2=" ">
    <subfield code="a">572</subfield>
  </datafield>
  <datafield tag="100" ind1=" " ind2=" ">
    <subfield code="a">&#x1786;&#x1799; &#x1786;&#x17BB;&#x1793;</subfield>
  </datafield>
  <datafield tag="245" ind1=" " ind2=" ">
    <subfield code="a">&#x1782;&#x17B8;&#x1798;&#x17B8;&#x179C;&#x17B7;&#x1791;&#x17D2;&#x1799;&#x17B6;</subfield>
  </datafield>
  <datafield tag="260" ind1=" " ind2=" ">
    <subfield code="a">RUA</subfield>
    <subfield code="b">&#x1786;&#x1799;&#x200B; &#x1786;&#x17BB;&#x1793;</subfield>
    <subfield code="c">2003</subfield>
  </datafield>
  <datafield tag="300" ind1=" " ind2=" ">
    <subfield code="a">15p.</subfield>
  </datafield>
  <datafield tag="942" ind1=" " ind2=" ">
    <subfield code="c">KB</subfield>
  </datafield>
  <datafield tag="999" ind1=" " ind2=" ">
    <subfield code="c">8448</subfield>
    <subfield code="d">8448</subfield>
  </datafield>
  <datafield tag="952" ind1=" " ind2=" ">
    <subfield code="0">0</subfield>
    <subfield code="1">0</subfield>
    <subfield code="4">0</subfield>
    <subfield code="6">572_000000000000000_&#x1786;&#x1799;_2003_C171</subfield>
    <subfield code="7">0</subfield>
    <subfield code="9">48422</subfield>
    <subfield code="a">LBC</subfield>
    <subfield code="b">LBC</subfield>
    <subfield code="c">C171</subfield>
    <subfield code="d">2016-08-01</subfield>
    <subfield code="o">572 &#x1786;&#x1799;&#x200B; 2003 C171</subfield>
    <subfield code="p">RUA042675</subfield>
    <subfield code="r">2016-10-13</subfield>
    <subfield code="y">KB</subfield>
  </datafield>
  <datafield tag="952" ind1=" " ind2=" ">
    <subfield code="0">0</subfield>
    <subfield code="1">0</subfield>
    <subfield code="4">0</subfield>
    <subfield code="6">572_000000000000000_&#x1786;&#x1799;_2003_C171</subfield>
    <subfield code="7">0</subfield>
    <subfield code="9">48423</subfield>
    <subfield code="a">LBC</subfield>
    <subfield code="b">LBC</subfield>
    <subfield code="c">C171</subfield>
    <subfield code="d">2016-08-01</subfield>
    <subfield code="o">572 &#x1786;&#x1799;&#x200B; 2003 C171</subfield>
    <subfield code="p">RUA042615</subfield>
    <subfield code="r">2016-10-13</subfield>
    <subfield code="y">KB</subfield>
  </datafield>
  <datafield tag="952" ind1=" " ind2=" ">
    <subfield code="0">0</subfield>
    <subfield code="1">0</subfield>
    <subfield code="4">0</subfield>
    <subfield code="6">572_000000000000000_&#x1786;&#x1799;_2003_C171</subfield>
    <subfield code="7">0</subfield>
    <subfield code="9">48424</subfield>
    <subfield code="a">LBC</subfield>
    <subfield code="b">LBC</subfield>
    <subfield code="c">C171</subfield>
    <subfield code="d">2016-08-01</subfield>
    <subfield code="o">572 &#x1786;&#x1799;&#x200B; 2003 C171</subfield>
    <subfield code="p">RUA042855</subfield>
    <subfield code="r">2016-10-13</subfield>
    <subfield code="y">KB</subfield>
  </datafield>
  <datafield tag="952" ind1=" " ind2=" ">
    <subfield code="0">0</subfield>
    <subfield code="1">0</subfield>
    <subfield code="4">0</subfield>
    <subfield code="6">572_000000000000000_&#x1786;&#x1799;_2003_C171</subfield>
    <subfield code="7">0</subfield>
    <subfield code="9">48425</subfield>
    <subfield code="a">LBC</subfield>
    <subfield code="b">LBC</subfield>
    <subfield code="c">C171</subfield>
    <subfield code="d">2016-08-01</subfield>
    <subfield code="o">572 &#x1786;&#x1799;&#x200B; 2003 C171</subfield>
    <subfield code="p">RUA042915</subfield>
    <subfield code="r">2016-10-13</subfield>
    <subfield code="y">KB</subfield>
  </datafield>
  <datafield tag="952" ind1=" " ind2=" ">
    <subfield code="0">0</subfield>
    <subfield code="1">0</subfield>
    <subfield code="4">0</subfield>
    <subfield code="6">572_000000000000000_&#x1786;&#x1799;_2003_C171</subfield>
    <subfield code="7">0</subfield>
    <subfield code="9">48427</subfield>
    <subfield code="a">LBC</subfield>
    <subfield code="b">LBC</subfield>
    <subfield code="c">C171</subfield>
    <subfield code="d">2016-08-01</subfield>
    <subfield code="o">572 &#x1786;&#x1799;&#x200B; 2003 C171</subfield>
    <subfield code="p">RUA042795</subfield>
    <subfield code="r">2016-10-13</subfield>
    <subfield code="y">KB</subfield>
  </datafield>
  <datafield tag="952" ind1=" " ind2=" ">
    <subfield code="0">0</subfield>
    <subfield code="1">0</subfield>
    <subfield code="4">0</subfield>
    <subfield code="6">572_000000000000000_&#x1786;&#x1799;_2003_C171</subfield>
    <subfield code="7">0</subfield>
    <subfield code="9">48428</subfield>
    <subfield code="a">LBC</subfield>
    <subfield code="b">LBC</subfield>
    <subfield code="c">C171</subfield>
    <subfield code="d">2016-08-01</subfield>
    <subfield code="o">572 &#x1786;&#x1799;&#x200B; 2003 C171</subfield>
    <subfield code="p">RUA042735</subfield>
    <subfield code="r">2016-10-13</subfield>
    <subfield code="y">KB</subfield>
  </datafield>
</record>
